Estadísticas para Ciudades que han sido la Sede de los Juegos Olímpicos de Invierno

Haz click aquí para tomar la prueba!

Estadísticas generales

  • Esta prueba ha sido tomada 351 veces
  • La puntuación promedio es 8 de 21

Estadísticas de respuestas

AñoSede% Correcto
2014Sochi
74%
1952Oslo
72%
2010Vancouver
59%
2006Turín
56%
2022Pekín
53%
2002Salt Lake City
49%
1988Calgary
44%
1984Sarajevo
43%
1972Sapporo
39%
1964, 1976Innsbruck
37%
1994Lillehammer
33%
1998Nagano
33%
1992Albertville
31%
1924Chamonix
30%
1968Grenoble
29%
2018Pyeongchang
25%
1932, 1980Lake Placid
25%
1956Cortina d'Ampezzo
23%
1928, 1948St. Moritz
23%
1936Garmisch-Partenkirchen
22%
1960Squaw Valley
17%

Distribución de puntuación

Porcentaje por número respondido

Porcentaje de gente con cada puntuación

Historial de tus puntuaciones

No has tomado esta prueba